Statistics for 2024 Packers Roster

Click here to take the quiz!

General Stats

  • This quiz has been taken 91 times
  • The average score is 38 of 54

Answer Stats

HintAnswer% Correct
QB #10Jordan Love
100%
RB #33Aaron Jones
98%
RB #28AJ Dillon
97%
WR #9Christian Watson
97%
CB #23Jaire Alexander
93%
WR #87Romeo Doubs
93%
WR #13Dontayvion Wicks
90%
WR #11Jayden Reed
90%
TE #88Luke Musgrave
88%
TE #85Tucker Kraft
88%
QB #8Sean Clifford
86%
S #26Darnell Savage
85%
DL #97Kenny Clark
85%
LB #7Quay Walker
85%
T #63Rasheed Walker
85%
K #17Anders Carlson
83%
LB #59De'Vondre Campbell
83%
DL #91Preston Smith
83%
CB/KR #25Keisean Nixon
81%
WR #80Bo Melton
80%
T #69David Bakhtiari
80%
DL #52Rashan Gary
78%
CB #35Corey Ballentine
76%
RB #31Emmanuel Wilson
76%
LB #45Eric Wilson
76%
TE #81Josiah Deguara
75%
WR #18Malik Heath
75%
CB #37Carrington Valentine
73%
DL #95Devonte Wyatt
71%
DL #90Lukas Van Ness
71%
RB #27Patrick Taylor
71%
WR #83Samori Toure
71%
CB #21Eric Stokes
69%
G #76Jon Runyan
68%
C #71Josh Myers
68%
T #50Zach Tom
68%
G #74Elgton Jenkins
66%
LB #58Isaiah McDuffie
64%
TE #89Ben Sims
63%
S #34Jonathan Owens
63%
DL #94Karl Brooks
59%
DL #55Kingsley Enagbare
58%
G #75Sean Rhyan
53%
P #19Dan Whelan
51%
DL #93TJ Slaton
51%
T #73Yosh Nijman
51%
S #36Anthony Johnson Jr.
47%
G #70Royce Newman
44%
DL #96Colby Wooden
42%
S #39Zayne Anderson
34%
DL #57Brenton Cox Jr.
32%
LS #42Matt Orzech
32%
LB #54Kristian Welch
22%
S #48Benny Sapp III
20%

Score Distribution

Percentile by Number Answered

Percent of People with Each Score

Your Score History

You have not taken this quiz